000 00653nam a2200229Ia 4500
003 OSt
005 20220928150136.0
006 a|||||r|||| 00| 0
007 ta
008 220927b |||||||| |||| 00| 0 eng d
024 _a88443
037 _cTextual
040 _aSDCL
_cSDCL
_beng
041 _2eng
_aeng
082 _aX:89F, L4
100 _aCopeland Ronald M
_9503303
245 0 _aManagerial accounting
_b An introduction to planning,information processing, and control
260 _c1974
700 _a Dascher Paul E
_9503304
942 _hX:89F, L4
_cTEXL
_2CC
999 _c840325
_d840325